Visualizzazione normale
Vista MARC
- Pasolini Pier Paolo
di Personal Name
Records bibliografici associati: 16
001 - CONTROL NUMBER
- control field: 37065
003 - CONTROL NUMBER IDENTIFIER
- control field: IT-RoPau
005 - DATE AND TIME OF LATEST TRANSACTION
- control field: 20151125155336.0
008 - FIXED-LENGTH DATA ELEMENTS
- fixed length control field: 151125|| aca||aabn | a|a d
040 ## - CATALOGING SOURCE
- Original cataloging agency: IT-RoPau
- Transcribing agency: IT-RoPau
100 ## - HEADING--PERSONAL NAME
- Personal name: Pasolini Pier Paolo
- Miscellaneous information: Codice regista SPICS: 2843
670 ## - SOURCE DATA FOUND
- Source citation: Work cat.: (IT-RoPau)104677: Pasolini Pier Paolo Codice regista SPICS: 2843, VANGELO SECONDO MATTEO (IL) VANGELO SECONDO MATTEO (IL) (Rif. Codice opera principale : H5463)